00965cam a2200241 a 450000100060000000300080000600500170001400800390003103500190007004000320008904100110012108200340013210000820016624500960024826000420034430000260038650000500041265000260046270000570048894200120054599900170055795201490057432597BD-RjUL20211209051849.0140427s1963 ii b 000 0 eng a(BD-RjUL)32686 aDLCcDLCdDLCdBD-RjULbeng1 aengara00a297.1240521219bKHM V-3 19632 aKhaṭīb al-Tibrīzī, Muḥammad ibn ʻAbd Allāh,dactive 1337.99880810aMishkat al-Masabih /cEnglish translation with explanatory notes by James Robson.nVol. III aLahore :bSh. Muhammad Ashraf,c1963. a817-1238 p. ;c25 cm. aTranslation of: Mishkāt al-Maṣābīḥ. 0aHadithxTexts.9988091 aRobson, James,cemeritus professor of Arabic.998810 2ddccBK c32597d32597 00102ddc40718NFICaRUCLbRUCLcReadingd1967-04-07eS. M. Mir.g60.00l0o297.1240521 KHM V-3 1963r2014-04-27 00:00:00tC-1w2014-04-27yBK